LEADER 01183nam a2200289 i 4500 001 991002774679707536 008 150605s2007 it b 000 0 ita 020 $a9788846481115 035 $ab14230434-39ule_inst 040 $aDip.to di Storia, Societą e Studi sull'Uomo$bita 082 04$a302.23 082 04$a004.67803 100 1 $aAccoto, Cosimo$0480770 245 10$aMisurare le audience in internet :$bteorie, tecniche e metriche per la misurazione degli utenti in rete /$cCosimo Accoto ; prefazione di Layla Pavone 260 $aMilano :$bFranco Angeli,$c2007 300 $a236 p. ;$c23 cm 440 0$aTP / Associazione italiana pubblicitari professionisti ;$v7 504 $aSitografia: p. 219-221 504 $aBibliografia: p. 221-236 650 4$aInternet$xUtenti$xTecniche di misurazione 650 4$aInternet$xAspetti sociali 907 $a.b14230434$b02-09-15$c05-06-15 912 $a991002774679707536 945 $aLE023 302.23 ACC 1 1 $g1$i2023000139042$lle023$op$pE24.00$q-$rl$s- $t0$u3$v0$w3$x0$y.i15688458$z27-07-15 996 $aMisurare le audience in internet$9255109 997 $aUNISALENTO 998 $ale022$b03-08-15$cm$da $e-$fita$git $h0$i0 LEADER 03884nam 22006975 450 001 9910298556903321 005 20200919221051.0 010 $a3-319-09213-8 024 7 $a10.1007/978-3-319-09213-3 035 $a(CKB)3710000000291632 035 $a(EBL)1965421 035 $a(OCoLC)899249144 035 $a(SSID)ssj0001385949 035 $a(PQKBManifestationID)11883466 035 $a(PQKBTitleCode)TC0001385949 035 $a(PQKBWorkID)11349434 035 $a(PQKB)10271660 035 $a(MiAaPQ)EBC1965421 035 $a(DE-He213)978-3-319-09213-3 035 $a(PPN)183087674 035 $a(EXLCZ)993710000000291632 100 $a20141125d2014 u| 0 101 0 $aeng 135 $aur|n|---||||| 181 $ctxt 182 $cc 183 $acr 200 10$aSocial Market Economy $eThe Case of Germany /$fby Stefan Sorin Muresan 205 $a1st ed. 2014. 210 1$aCham :$cSpringer International Publishing :$cImprint: Springer,$d2014. 215 $a1 online resource (426 p.) 300 $aDescription based upon print version of record. 311 $a3-319-09212-X 320 $aIncludes bibliographical references. 327 $aForeword -- 1 Introduction -- 2 Philosophical and Historical Roots for the Social Market Economy -- 3 Models of Capitalism -- 4 Pillars of the Social Market Economy as Implemented in Germany -- 5 Building Up and Implementing a Social Market Economy in Germany -- 6 What is on the Horizon for the Social Market Economy?.- 7 Principles and Economic Style Molded Into Sustainability and Foreign Policy Interests -- 8 Appendices to Politicians, Legislation, and National Economic Statistics. 330 $aThe book presents the economic policy model known as ?Social Market Economy? in Germany, the country where it originated. Although the model has since been adopted as core objective in the EU Treaty of Lisbon, experts still disagree on its exact nature. The author contributes to this debate by presenting the German economic system from an external perspective and looking at the extent to which it enabled the country increase its weight in international relations.The system“s history, identity, political and economic concepts, including ordoliberalism, are analyzed. Its potential and shortcomings are assessed by comparing it to other forms of capitalism. A brief enquiry is made into whether the "Social Market Economy", or aspects of it, are applicable to other countries, including in Eastern Europe. Providing both theoretical and practical aspects, the book offers a valuable resource for researchers, public administration professionals, and policymakers. 606 $aFinance, Public 606 $aEconomics 606 $aEconomic history 606 $aPolitical science$xPhilosophy 606 $aPublic Economics$3https://scigraph.springernature.com/ontologies/product-market-codes/W34000 606 $aInternational Political Economy$3https://scigraph.springernature.com/ontologies/product-market-codes/912140 606 $aHistory of Economic Thought/Methodology$3https://scigraph.springernature.com/ontologies/product-market-codes/W28000 606 $aPolitical Philosophy$3https://scigraph.springernature.com/ontologies/product-market-codes/E37000 615 0$aFinance, Public. 615 0$aEconomics. 615 0$aEconomic history. 615 0$aPolitical science$xPhilosophy. 615 14$aPublic Economics. 615 24$aInternational Political Economy. 615 24$aHistory of Economic Thought/Methodology. 615 24$aPolitical Philosophy. 676 $a320.01 676 $a330 676 $a336 676 $a339.5 700 $aMuresan$b Stefan Sorin$4aut$4http://id.loc.gov/vocabulary/relators/aut$01059987 906 $aBOOK 912 $a9910298556903321 996 $aSocial Market Economy$92510052 997 $aUNINA